000 00538nam a2200181Ia 4500
005 20250508152059.0
008 008 250505s9999 xx 000 0 eng d
037 _aBooks to be hide in OPAC
040 _aFEDL
_beng
_cFEDL
041 _aeng
_2eng
084 _a572, WHI/O
_qFEDL
100 _aWhite Lynn Ed.
_9496293
245 0 _aFrontiers of knowledge : In the study of man
260 _aNew York, USA
_bHarper and Brothers Publisher
_c1956
300 _a330p.
942 _cHB
_h572, WHI/O
999 _c1334124
_d1334124